Vrah je v každém z nás 2 /
Zločin nikdy nespí a teď přinese řadu bezesných nocí i vám! Elitní detektiv z pražské mordparty Jan Štoček opět zapátral v paměti a vytáhl na světlo světa další zásadní případy své kriminalistické kariéry. Spolu s Lucií Bechynkovou, zakladatelkou oceňovaného podcastu Opravdové zločiny, vás zavede př...
Uloženo v:
| Série: | Vrah je v každém z nás,
část 2 |
|---|---|
| Hlavní autor: | |
| Médium: | E-kniha |
| Jazyk: | Czech |
| Vydáno: |
Praha :
Albatros Media a.s.,
2023
|
| Příbuzné jednotky: | Z cyklu::
Vrah je v každém z nás |
| Tagy: |
Žádné tagy |
| LEADER | 01619nam a22002417i 4500 | ||
|---|---|---|---|
| 001 | 312157 | ||
| 007 | ta | ||
| 008 | 260601s2023 xr ||||| |||| 00| 0 cze d | ||
| 020 | |a 9788026449751 | ||
| 044 | |a xr | ||
| 100 | 1 | |a Bechynková, Lucie |4 aut | |
| 245 | 1 | 0 | |a Vrah je v každém z nás 2 / |c Bechynková, Lucie |
| 264 | 1 | |a Praha : |b Albatros Media a.s., |c 2023 | |
| 300 | |a 1 online zdroj (216 stran) | ||
| 336 | |a text |b txt |2 rdacontent | ||
| 337 | |a bez média |b n |2 rdamedia | ||
| 338 | |a online zdroj |b cr |2 rdacarrier | ||
| 520 | 2 | |a Zločin nikdy nespí a teď přinese řadu bezesných nocí i vám! Elitní detektiv z pražské mordparty Jan Štoček opět zapátral v paměti a vytáhl na světlo světa další zásadní případy své kriminalistické kariéry. Spolu s Lucií Bechynkovou, zakladatelkou oceňovaného podcastu Opravdové zločiny, vás zavede přímo na místo činu. Jak probíhalo vyšetřování mediálně známých případů a co šokuje i otrlého kriminalistu? To a mnoho dalšího zjistíte ve strhujícím vyprávění o všech podobách policejní práce. | |
| 787 | 0 | 8 | |g 2 |i Z cyklu: |t Vrah je v každém z nás |
| 910 | |a RBIT002 | ||
| 998 | |d 390159 |a https://core.palmknihy.cz/api/books/390159/cover?si9cao |b https://core.palmknihy.cz/api/books/390159/cover/400?si9cao |c https://core.palmknihy.cz/api/books/390159/cover/50?si9cao |e 2033-12-31 |g 216 |i 9788026449751 |j https://core.palmknihy.cz/api/books/390159/preview.epub |k https://core.palmknihy.cz/api/books/390159/preview.pdf |l |q 49 |r 1 |s https://www.palmknihy.cz/kniha/390159 |t ebook |y 2023 |z 1 |v Vrah je v každém z nás |w 2 | ||
| 999 | |d 312155 | ||